[Event "Titled Tuesday intern op 18th Mar Late"]
[Site "Chess.com INT"]
[Date "2025.03.18"]
[Round "6"]
[White "Angulo Perez, Sebastian"]
[Black "Derige Kane, Yan"]
[Result "0-1"]
[WhiteElo "2041"]
[BlackElo "2153"]
[PlyCount "38"]
[EventDate "2025.03.18"]
[EventType "swiss (blitz)"]
[EventRounds "11"]
[EventCountry "USA"]
[SourceTitle "CB13_2025"]
[SourceDate "2025.03.26"]
[SourceVersion "1"]
[SourceVersionDate "2025.03.26"]
[SourceQuality "1"]

1. e4 a6 2. d4 c6 3. Nf3 d5 4. Nc3 Bg4 5. h3 Bxf3 6. Qxf3 e6 7. exd5 cxd5 8. Bd2 Nc6 9. Be3 Qb6 10. 0-0-0 Bb4 11. Nb1 Qa5 12. a3 Be7 13. g4 Nf6 14. Bd3 Rc8 15. g5 Nd7 16. h4 b5 17. Bd2 Nxd4 18. Qxf7+ Kxf7 19. Bxa5 Nb3# 0-1

[Event "Titled Tuesday intern op 18th Mar Late"]
[Site "Chess.com INT"]
[Date "2025.03.18"]
[Round "2"]
[White "Angulo Perez, Sebastian"]
[Black "Hercegovac, Neven"]
[Result "0-1"]
[WhiteElo "2041"]
[BlackElo "2267"]
[PlyCount "48"]
[EventDate "2025.03.18"]
[EventType "swiss (blitz)"]
[EventRounds "11"]
[EventCountry "USA"]
[SourceTitle "CB13_2025"]
[SourceDate "2025.03.26"]
[SourceVersion "1"]
[SourceVersionDate "2025.03.26"]
[SourceQuality "1"]

1. e4 c5 2. Nf3 d6 3. d4 cxd4 4. Nxd4 Nf6 5. Nc3 a6 6. Rg1 g6 7. g4 Bg7 8. g5 Nfd7 9. Be3 Nc6 10. Qd2 Nde5 11. Be2 Na5 12. f4 Nac4 13. Qc1 Nxe3 14. Qxe3 Nc6 15. Nxc6 bxc6 16. 0-0-0 Qa5 17. a3 0-0 18. h4 Rb8 19. h5 Be6 20. h6 Bh8 21. Qd3 Rb6 22. b3 Bxc3 23. b4 Qxa3+ 24. Kb1 Qb2# 0-1

[Event "Titled Tuesday intern op 18th Mar Late"]
[Site "Chess.com INT"]
[Date "2025.03.18"]
[Round "11"]
[White "Dicen, Elis Denele"]
[Black "Angulo Perez, Sebastian"]
[Result "1-0"]
[WhiteElo "2129"]
[BlackElo "2041"]
[PlyCount "167"]
[EventDate "2025.03.18"]
[EventType "swiss (blitz)"]
[EventRounds "11"]
[EventCountry "USA"]
[SourceTitle "CB13_2025"]
[SourceDate "2025.03.26"]
[SourceVersion "1"]
[SourceVersionDate "2025.03.26"]
[SourceQuality "1"]

1. d4 Nf6 2. c4 e6 3. Nf3 b6 4. a3 Bb7 5. Nc3 Be7 6. Bf4 0-0 7. e3 d5 8. Bd3 Nbd7 9. cxd5 exd5 10. h3 c5 11. 0-0 cxd4 12. exd4 Re8 13. Re1 Nf8 14. Ne5 Ne6 15. Be3 Rc8 16. Rc1 a6 17. Bb1 b5 18. Qd3 g6 19. Ne2 Bf8 20. Rxc8 Qxc8 21. Rc1 Qd8 22. Nf4 Nxf4 23. Bxf4 Bg7 24. Ba2 Ne4 25. f3 Nd6 26. Bg3 Nc4 27. Bxc4 dxc4 28. Qc3 Qd5 29. Rf1 f6 30. Ng4 f5 31. Ne5 g5 32. Re1 f4 33. Bf2 Re6 34. Kh2 h5 35. Qc2 Bxe5 36. dxe5 g4 37. Qf5 g3+ 38. Bxg3 fxg3+ 39. Kxg3 Qd7 40. Kh2 Qf7 41. Qg5+ Kh7 42. Re2 a5 43. Qh4 b4 44. axb4 axb4 45. f4 c3 46. bxc3 bxc3 47. Qg3 Qf5 48. Qxc3 Re7 49. Qe3 Rg7 50. Rf2 Qg6 51. Qd2 Qf5 52. Qe2 Bd5 53. Qd2 Bc6 54. Qb2 Qg6 55. f5 Qg3+ 56. Kh1 Qe3 57. Kh2 Re7 58. f6 Qxe5+ 59. Qxe5 Rxe5 60. f7 Rg5 61. f8Q Rg8 62. Qf7+ Rg7 63. Qxh5+ Kg8 64. Qc5 Be8 65. Qe5 Bf7 66. Qb8+ Kh7 67. Qf4 Kg8 68. Re2 Kh7 69. Rd2 Kg8 70. g4 Kh7 71. Qg3 Kg8 72. Rf2 Kh7 73. g5 Kg8 74. h4 Kh7 75. Qe5 Kg8 76. Rf6 Kh7 77. Qd6 Kg8 78. Qg3 Kh7 79. Rf5 Bg6 80. Re5 Bf7 81. Qf3 Kg8 82. h5 Rh7 83. g6 Bxg6 84. Rg5 1-0

[Event "San Jose Metropolitano op-A 45th"]
[Site "San Jose"]
[Date "2024.12.27"]
[Round "4"]
[White "Arias, Daniel1"]
[Black "Angulo Perez, Sebastian"]
[Result "1-0"]
[WhiteElo "2230"]
[BlackElo "1930"]
[PlyCount "145"]
[EventDate "2024.12.26"]
[EventType "swiss"]
[EventRounds "9"]
[EventCountry "CRI"]
[SourceTitle "CB02_2025"]
[SourceDate "2025.01.08"]
[SourceVersion "1"]
[SourceVersionDate "2025.01.08"]
[SourceQuality "1"]

1. e4 c6 2. d4 d5 3. e5 c5 4. dxc5 e6 5. Be3 Nd7 6. Bb5 Ne7 7. Nf3 Nf5 8. Bd4 Qa5+ 9. Nc3 a6 10. Bxd7+ Bxd7 11. a3 Nxd4 12. Nxd4 Qxc5 13. 0-0 Qb6 14. Qd2 Be7 15. Nce2 0-0 16. c3 f6 17. f4 fxe5 18. fxe5 Rae8 19. Kh1 Qc7 20. Qe3 Bc5 21. Qg3 Bc8 22. h4 Rf7 23. Rf3 Ref8 24. Raf1 b5 25. Qg5 Bb6 26. h5 Rxf3 27. Rxf3 Rxf3 28. Nxf3 h6 29. Qg6 Qf7 30. Qxf7+ Kxf7 31. Ned4 Bd7 32. Kh2 Ba7 33. g4 Bb6 34. Kg3 Ba7 35. Kf4 Bb6 36. Ne1 Ke7 37. Nd3 Ba7 38. Nb4 Bxd4 39. cxd4 a5 40. Nd3 a4 41. g5 Be8 42. g6 Bd7 43. Ke3 Kd8 44. Kd2 Kc7 45. Kc3 Kc6 46. Kb4 Kb6 47. Nf4 Bc8 48. Nh3 Bd7 49. Nf2 Bc6 50. Ng4 Be8 51. Nf6 Bc6 52. Nh7 Bd7 53. Ng5 Kc6 54. Nf7 Be8 55. Nd6 Bd7 56. Nxb5 Kb6 57. Nd6 Bc6 58. Nc8+ Kb7 59. Ne7 Bd7 60. Kc5 Kc7 61. Ng8 Be8 62. Kb4 Kb6 63. Ne7 Bd7 64. Ng8 Be8 65. Nf6 Bb5 66. Nh7 Be2 67. Nf6 Bb5 68. Kc3 Be2 69. Kd2 Bf3 70. Ke3 Bd1 71. Kd2 Bf3 72. Kc3 Be2 73. b3 1-0

[Event "San Jose Metropolitano op-A 45th"]
[Site "San Jose"]
[Date "2024.12.26"]
[Round "2"]
[White "Angulo Perez, Sebastian"]
[Black "Pastor Carvajal, Jeigoth"]
[Result "1/2-1/2"]
[WhiteElo "1930"]
[BlackElo "2088"]
[PlyCount "33"]
[EventDate "2024.12.26"]
[EventType "swiss"]
[EventRounds "9"]
[EventCountry "CRI"]
[SourceTitle "CB02_2025"]
[SourceDate "2025.01.08"]
[SourceVersion "1"]
[SourceVersionDate "2025.01.08"]
[SourceQuality "1"]

1. e4 e6 2. d4 d5 3. Nc3 dxe4 4. Nxe4 Nd7 5. Nf3 Ngf6 6. Nxf6+ Nxf6 7. Be3 Be7 8. Bd3 0-0 9. Qd2 b6 10. 0-0-0 Bb7 11. Qe2 Qc8 12. Rhg1 c5 13. dxc5 Bxc5 14. Nd2 Bxe3 15. Qxe3 Nd5 16. Qh3 g6 17. Qf3 1/2-1/2

[Event "Santa Barbara Avendano Memorial"]
[Site "Santa Barbara"]
[Date "2024.02.24"]
[Round "5"]
[White "Angulo Perez, Sebastian"]
[Black "Vega Araya, Edwin"]
[Result "0-1"]
[WhiteElo "1612"]
[BlackElo "1809"]
[PlyCount "120"]
[EventDate "2024.01.27"]
[EventType "swiss"]
[EventRounds "6"]
[EventCountry "CRI"]
[SourceTitle "EXT 2025"]
[Source "ChessBase"]
[SourceDate "2024.10.14"]
[SourceVersion "1"]
[SourceVersionDate "2024.10.14"]
[SourceQuality "1"]

1. e4 c5 2. Nf3 g6 3. d4 cxd4 4. Nxd4 Bg7 5. Be3 Nc6 6. Nc3 Nf6 7. Nxc6 bxc6 8. e5 Ng8 9. Bd4 Nh6 10. e6 0-0 11. Bxg7 Kxg7 12. Qd4+ f6 13. exd7 Qxd7 14. Qxd7 Bxd7 15. 0-0-0 Rad8 16. Be2 Bg4 17. f3 Bc8 18. Rhe1 e5 19. Bd3 Nf7 20. Be4 Bd7 21. Na4 Ng5 22. Nc5 Nxe4 23. Rxd7+ Rxd7 24. Nxd7 Rf7 25. Nxe5 fxe5 26. Rxe4 Kf6 27. Kd2 Ke6 28. Ke3 g5 29. g3 Kd5 30. c4+ Kd6 31. Rg4 h6 32. h4 Rf5 33. Ke4 Ke6 34. b4 a6 35. a3 Kf6 36. f4 gxf4 37. gxf4 h5 38. Rg3 Rxf4+ 39. Kd3 Rxh4 40. a4 Rd4+ 41. Kc3 h4 42. Rh3 Kg5 43. Re3 Kf4 44. Rh3 Kg4 45. Re3 Kf5 46. Rh3 Rg4 47. Rf3+ Ke6 48. Re3 Rg1 49. Kd2 Rb1 50. Kc3 Rh1 51. Kd2 h3 52. b5 cxb5 53. cxb5 axb5 54. axb5 h2 55. b6 Rb1 56. b7 h1Q 57. b8Q Rxb8 58. Ke2 Rb2+ 59. Kd3 Qd5+ 60. Kc3 Qb3# 0-1